000
00271nam a22001217a 4500
008
170427b xxu||||| |||| 00| 0 eng d
041
_a
eng
080
_a
54
100
_a
12
101
_a
shm
245
_a
ELEMENTS QUANTITIVE ANALYSIS
_c
WILLARD.H.H
942
_2
udc
_c
BK
999
_c
12259
_d
12259